000 00870nam a2200181Ia 4500
008 090123s9999 xx 000 0 und d
082 _b36892
100 _aनाईक जि.आ.
245 _aस्वातंत्र्यत्तोर भारताची वाटचाल :प्रकाशातून अंधाराकडे
250 _a1
260 _bमेनका प्रकाशन
_c2004
300 _a109
600 _aनाईक जि.आ.
630 _aस्वातंत्र्यत्तोर भारताची वाटचाल :प्रकाशातून अंधाराकडे
700 _aनाईक जि.आ.
730 _aस्वातंत्र्यत्तोर भारताची वाटचाल :प्रकाशातून अंधाराकडे
942 _cBOOK
999 _c74960
_d74960